Картины русских художников XIX - Statistics

General Stats
  • This quiz has been taken 30 times
  • The average score is 37 of 50
Answer Stats
Picture Answer % Correct
А. Куинджи. Дарьяльское ущелье
100%
А. Саврасов. Грачи прилетели
100%
В. Васнецов. Аленушка
100%
В. Васнецов. Богатыри
100%
В. Верещагин. Апофеоз войны
100%
В. Перов. Портрет Достоевского
100%
В. Серов. Девочка с персиками
100%
В. Суриков. Меншиков в Березове
100%
В. Суриков. Утро стрелецкой казни
100%
И. Айвазовский. Девятый вал
100%
И. Крамской. Портрет Толстого
100%
И. Репин. Царевна Софья
100%
И. Шишкин. Утро в сосновом лесу
100%
К. Брюллов. Последний день Помпеи
100%
О. Кипренский. Портрет Пушкина
90%
И. Левитан. Золотая осень
89%
А. Иванов. Явление христа народу
88%
А. Куинджи. Лунная ночь на Днепре
88%
В. Суриков. Покорение Сибири Ермаком
88%
В. Тропинин. Портрет Пушкина
88%
И. Репин. Бурлаки на Волге
88%
И. Репин. Не ждали
88%
И. Шишкин. Дубовая роща
88%
И. Шишкин. Рожь
88%
Н. Ге. Портрет Толстого
88%
А. Куинджи. Березовая роща
86%
В. Васнецов. Крещение Руси
86%
В. Суриков. Боярыня Морозова
86%
И. Айвазовский. Чесменский бой
86%
И. Крамской. Неизвестная
86%
И. Крамской. Христос в пустыне
86%
И. Репин. Автопортрет
86%
И. Репин. Запорожцы пишут письмо турецкому султану
86%
И. Репин. Портрет Мусоргского
86%
И. Репин. Портрет Третьякова
86%
К. Брюллов. Портрет Крылова
86%
В. Верещагин. Двери Тамерлана
83%
В. Суриков. Переход Суворова через Альпы
83%
В. Васнецов. Иван-царевич на сером волке
80%
И. Репин. Иван Грозный и его сын Иван
80%
И. Репин. Садко
80%
В. Перов. Портрет Островского
78%
В. Перов. Тройка
78%
В. Верещагин. Нападают врасплох
75%
В. Перов. Охотники на привале
75%
И. Репин. Торжественное заседание Государственного совета
71%
К. Брюллов. Всадница
71%
Н. Ге. Петр I допрашивает царевича Алексея
70%
И. Левитан. Автопортрет
67%
И. Левитан. Тихая обитель
67%
И. Левитан. Над вечным покоем
63%
А. Куинджи. Море. Крым
60%
В. Суриков. Взятие снежного городка
57%
И. Крамской. Неутешное горе
57%
И. Крамской. Портрет Шишкина
56%
А. Венецианов. На пашне весна
50%
В. Перов. Сельский крестный ход на Пасху
50%
И. Репин. Портрет Тургенева
50%
К. Брюллов. Автопортрет
50%
Н. Ге. Голгофа
50%
А. Венецианов. Автопортрет
43%
А. Саврасов. Лосиный остров
43%
О. Кипренский. Автопортрет
43%
А. Венецианов. Жнецы
40%
В. Серов. Портрет Иды Рубенштейн
40%
Н. Ге. Тайная вечерия
40%
Н. Ге. Автопортрет
38%
К. Флавицкий. Княжна Таракановна
33%
О. Кипренский. Портрет Жуковского
29%
В. Суриков. Автопортрет
25%
А. Венецианов. Портрет Карамзина
17%
К. Маковский. Дети бегущие от грозы
11%
No matching quizzes found
Score Distribution
Percent of People with Each Score
Percentile by Number Answered
Your Score History
You have not taken this quiz